| 000 | 00349nam a22001337a 4500 | ||
|---|---|---|---|
| 040 | _cNUST | ||
| 082 | _a620.106 LEW | ||
| 100 |
_aLewitt, E. H. _938613 |
||
| 245 | _aHydraulics and Fluid Mechanics | ||
| 250 | _a10th Edition | ||
| 260 |
_aLondon: _bPitman & Sons Ltd, _c1993. |
||
| 650 |
_aHydraulics and Fluid Mechanics _975803 |
||
| 942 |
_2ddc _cBK |
||
| 999 |
_c594559 _d594559 |
||